[Event "HUN-chT U18"]
[Site "Miskolc"]
[Date "2009.10.28"]
[Round "4.13"]
[White "Dankovics, Attila"]
[Black "Galambos, Menyhert"]
[Result "1/2-1/2"]
[WhiteElo "1988"]
[BlackElo "1913"]
[PlyCount "40"]
[EventDate "2009.10.26"]
[EventType "team-swiss"]
[EventRounds "8"]
[EventCountry "HUN"]
[SourceTitle "EXT 2016"]
[Source "ChessBase"]
[SourceDate "2015.10.08"]
[SourceVersion "1"]
[SourceVersionDate "2015.10.08"]
[SourceQuality "1"]

1. e4 e6 2. d3 c5 3. Nf3 d5 4. Qe2 Nf6 5. g3 Nc6 6. Bg2 Be7 7. 0-0 d4 8. c4 0-0 9. Bg5 e5 10. Bxf6 Bxf6 11. Ne1 Kh8 12. f4 g5 13. f5 Rg8 14. g4 a6 15. Nc2 Bd7 16. Nd2 b5 17. Rfb1 Nb4 18. Rc1 Nxc2 19. Rxc2 b4 20. a4 Qe8 1/2-1/2

[Event "HUN-chT U18"]
[Site "Miskolc"]
[Date "2009.10.28"]
[Round "5.7"]
[White "Gal, Tibor"]
[Black "Dankovics, Attila"]
[Result "0-1"]
[WhiteElo "2051"]
[BlackElo "1988"]
[PlyCount "96"]
[EventDate "2009.10.26"]
[EventType "team-swiss"]
[EventRounds "8"]
[EventCountry "HUN"]
[SourceTitle "EXT 2016"]
[Source "ChessBase"]
[SourceDate "2015.10.08"]
[SourceVersion "1"]
[SourceVersionDate "2015.10.08"]
[SourceQuality "1"]

1. e4 c5 2. Nf3 d6 3. d4 cxd4 4. Nxd4 Nf6 5. Nc3 a6 6. Bc4 e5 7. Nf3 Be7 8. Bg5 0-0 9. Qd2 Nbd7 10. Rd1 b5 11. Bb3 Bb7 12. Bxf6 Nxf6 13. Qe3 Qc7 14. a3 Kh8 15. Ng5 Ng4 16. Qd2 Nh6 17. 0-0 Bxg5 18. Qxg5 f5 19. f3 Rf6 20. Nd5 Bxd5 21. Bxd5 Raf8 22. Qd2 fxe4 23. Bxe4 Ng4 24. Rde1 Qc5+ 25. Kh1 Rf4 26. g3 R4f6 27. Kg2 Nh6 28. Qf2 Qc7 29. Rd1 Nf5 30. Rd3 Nd4 31. Rc3 Qd8 32. Bb7 d5 33. Rc8 Qxc8 34. Bxc8 Rxc8 35. c3 Nxf3 36. Qa7 e4 37. Qd7 Rcf8 38. Qxd5 Nh4+ 39. Kh3 Rxf1 40. Kxh4 e3 41. Qe4 R1f3 42. h3 h6 43. Kg4 R8f6 44. b4 e2 45. Qxe2 Rxc3 46. Qe8+ Kh7 47. Qe4+ Rg6+ 48. Kh5 Rcxg3 0-1

[Event "HUN-chT U18"]
[Site "Miskolc"]
[Date "2009.10.27"]
[Round "2.5"]
[White "Dankovics, Attila"]
[Black "Szepes, Tamas"]
[Result "0-1"]
[WhiteElo "1988"]
[BlackElo "2069"]
[PlyCount "76"]
[EventDate "2009.10.26"]
[EventType "team-swiss"]
[EventRounds "8"]
[EventCountry "HUN"]
[SourceTitle "EXT 2016"]
[Source "ChessBase"]
[SourceDate "2015.10.08"]
[SourceVersion "1"]
[SourceVersionDate "2015.10.08"]
[SourceQuality "1"]

1. e4 e5 2. Nf3 Nc6 3. Bc4 Nf6 4. d3 Be7 5. c3 0-0 6. Nbd2 d5 7. exd5 Nxd5 8. 0-0 Nb6 9. Bb5 f6 10. Bxc6 bxc6 11. d4 Bd6 12. Re1 exd4 13. Nxd4 c5 14. Ne6 Bxe6 15. Rxe6 Qd7 16. Re1 Rae8 17. Nf3 Rxe1+ 18. Qxe1 Re8 19. Qf1 Nd5 20. Bd2 Qf5 21. Qc4 Kf8 22. Rd1 Nb6 23. Qb5 Qd5 24. b3 a6 25. Qf1 Qh5 26. Qd3 Bxh2+ 27. Kf1 Bd6 28. Kg1 Nd7 29. Be3 h6 30. Qxa6 Ne5 31. Rxd6 Nxf3+ 32. gxf3 cxd6 33. Qxd6+ Kg8 34. Qxc5 Qxf3 35. a4 Re4 36. Kf1 Qd1+ 37. Kg2 Rg4+ 38. Kh3 Qf3+ 0-1

[Event "HUN-chT U18"]
[Site "Miskolc"]
[Date "2008.10.29"]
[Round "5.8"]
[White "Dankovics, Attila"]
[Black "Lorand, Norbert"]
[Result "0-1"]
[WhiteElo "1975"]
[BlackElo "2314"]
[PlyCount "104"]
[EventDate "2008.10.27"]
[EventType "team-swiss"]
[EventRounds "8"]
[EventCountry "HUN"]
[SourceTitle "EXT 2016"]
[Source "ChessBase"]
[SourceDate "2015.10.08"]
[SourceVersion "1"]
[SourceVersionDate "2015.10.08"]
[SourceQuality "1"]

1. e4 c6 2. d3 d5 3. Qe2 dxe4 4. dxe4 e5 5. c3 Nf6 6. Nf3 Qc7 7. g3 h6 8. Bg2 Be6 9. 0-0 Nbd7 10. Qc2 Bc5 11. Nbd2 a5 12. b3 0-0 13. Bb2 Rfe8 14. h3 b5 15. Rac1 Ra6 16. c4 b4 17. Ne1 a4 18. Nd3 Qa5 19. Kh2 Nh7 20. Rce1 f6 21. f4 Bd4 22. fxe5 Bxb2 23. Qxb2 Nxe5 24. Nxe5 Qxe5 25. Qxe5 fxe5 26. Nf3 Bf7 27. Rb1 Nf6 28. Nh4 axb3 29. axb3 Ra2 30. Kg1 Rd8 31. Rf2 Rxf2 32. Kxf2 Rd3 33. Nf5 Kf8 34. Rb2 Nd7 35. Ne3 Nc5 36. Ng4 Rxb3 37. Rxb3 Nxb3 38. Nxe5 Nd2 39. Ke2 Nxc4 40. Nxc6 b3 41. Kd3 b2 42. Kc2 Ne3+ 43. Kxb2 Nxg2 44. Kc3 Ne3 45. Kd3 Nc4 46. e5 Bd5 47. Nb4 Nxe5+ 48. Ke3 Be6 49. h4 Kf7 50. Kf4 Kf6 51. Ke3 Ng4+ 52. Ke2 Ke5 0-1

[Event "HUN-chT U18"]
[Site "Miskolc"]
[Date "2008.10.28"]
[Round "2.14"]
[White "Balog, Imre1"]
[Black "Dankovics, Attila"]
[Result "1-0"]
[WhiteElo "2423"]
[BlackElo "1975"]
[PlyCount "103"]
[EventDate "2008.10.27"]
[EventType "team-swiss"]
[EventRounds "8"]
[EventCountry "HUN"]
[SourceTitle "EXT 2016"]
[Source "ChessBase"]
[SourceDate "2015.10.08"]
[SourceVersion "1"]
[SourceVersionDate "2015.10.08"]
[SourceQuality "1"]

1. d4 d5 2. c4 e6 3. Nf3 Nf6 4. g3 c6 5. Qc2 Nbd7 6. Bg2 Be7 7. 0-0 0-0 8. b3 c5 9. Bb2 dxc4 10. Qxc4 Nb6 11. Qc2 cxd4 12. Nxd4 Nbd5 13. Rd1 Bd7 14. e4 Nb4 15. Qe2 Qb6 16. Nc3 Bc5 17. Nf3 Rfd8 18. a3 Na6 19. b4 Be7 20. e5 Ne8 21. Nd4 Nac7 22. Bc1 Bb5 23. Ndxb5 Rxd1+ 24. Nxd1 Qxb5 25. Qxb5 Nxb5 26. Be3 Rd8 27. Bxb7 Nxa3 28. Rxa3 Rxd1+ 29. Kg2 Bxb4 30. Rxa7 Rd8 31. Be4 Bc3 32. f4 Bb2 33. Bc6 Rc8 34. Bd7 Rb8 35. Ba4 Rc8 36. Rb7 Ba3 37. Bd7 Ra8 38. g4 Kf8 39. Kf3 Be7 40. Ba7 Rd8 41. Ke4 Ra8 42. Kd3 Rd8 43. Ke3 Ra8 44. Ke4 Rd8 45. Bb8 Bc5 46. h3 Be7 47. Kd4 Ba3 48. Kc4 Be7 49. Kb5 Ba3 50. Kc6 Ke7 51. Bxe6+ Kxe6 52. f5# 1-0

[Event "HUN-chT U18"]
[Site "Miskolc"]
[Date "2008.10.28"]
[Round "3.7"]
[White "Dankovics, Attila"]
[Black "Mihok, Oliver"]
[Result "1/2-1/2"]
[WhiteElo "1975"]
[BlackElo "2345"]
[PlyCount "65"]
[EventDate "2008.10.27"]
[EventType "team-swiss"]
[EventRounds "8"]
[EventCountry "HUN"]
[SourceTitle "EXT 2016"]
[Source "ChessBase"]
[SourceDate "2015.10.08"]
[SourceVersion "1"]
[SourceVersionDate "2015.10.08"]
[SourceQuality "1"]

1. e4 c5 2. Nf3 g6 3. d4 Bg7 4. Nc3 cxd4 5. Nxd4 Nc6 6. Nde2 Nf6 7. g3 0-0 8. Bg2 d6 9. 0-0 Bd7 10. h3 Rc8 11. a4 Ne5 12. Kh2 Bc6 13. Ra2 Qa5 14. Nd5 Nxd5 15. exd5 Bb5 16. b3 Bxe2 17. Qxe2 Rfe8 18. Ba3 Qc3 19. f4 Nd7 20. Rf3 Qc7 21. Re3 Kf8 22. c4 a5 23. Bb2 Bxb2 24. Rxb2 b6 25. Qe1 Nf6 26. Rbe2 Ra8 27. Bf3 Ra7 28. g4 Qc5 29. Qh4 Kg7 30. Qe1 Qd4 31. Kg3 h5 32. g5 Ng8 33. h4 1/2-1/2

[Event "HUN-chT2 Charousek 0506"]
[Site "Hungary"]
[Date "2006.04.09"]
[Round "10"]
[White "Boronyak, Arpad"]
[Black "Dankovics, Attila"]
[Result "1-0"]
[WhiteElo "2290"]
[BlackElo "2001"]
[PlyCount "73"]
[EventDate "2005.10.16"]
[EventType "team"]
[EventRounds "11"]
[EventCountry "HUN"]
[SourceTitle "EXT 2009"]
[Source "ChessBase"]
[SourceDate "2008.11.26"]
[SourceVersion "1"]
[SourceVersionDate "2008.11.26"]
[SourceQuality "1"]
[WhiteTeam "Csuti II"]
[BlackTeam "Szentendre"]
[WhiteTeamCountry "HUN"]
[BlackTeamCountry "HUN"]

1. e4 c5 2. Nc3 d6 3. f4 e6 4. Nf3 Nc6 5. d3 Be7 6. Be2 Nf6 7. 0-0 0-0 8. h3 Ne8 9. Be3 d5 10. Bf2 d4 11. Nb1 Kh8 12. c3 dxc3 13. bxc3 Qc7 14. Be3 Nf6 15. Qe1 b6 16. Nbd2 Bb7 17. Nc4 Nd7 18. d4 cxd4 19. cxd4 Nb4 20. Qb1 b5 21. a3 bxc4 22. axb4 Nf6 23. Ng5 h6 24. e5 hxg5 25. exf6 Bxf6 26. fxg5 Qg3 27. Bf3 Bxg5 28. Bxg5 Bxf3 29. Rxf3 Qxg5 30. Ra5 f5 31. Qe1 Qf6 32. Re5 Rad8 33. Rf4 g5 34. Rxe6 Qxe6 35. Qxe6 gxf4 36. Qxc4 Kg7 37. Qc7+ 1-0

[Event "HUN-chT2 Charousek 0506"]
[Site "Hungary"]
[Date "2006.01.22"]
[Round "6"]
[White "Dankovics, Attila"]
[Black "Kele, Janos"]
[Result "1/2-1/2"]
[WhiteElo "2001"]
[BlackElo "2165"]
[PlyCount "46"]
[EventDate "2005.10.16"]
[EventType "team"]
[EventRounds "11"]
[EventCountry "HUN"]
[SourceTitle "EXT 2009"]
[Source "ChessBase"]
[SourceDate "2008.11.26"]
[SourceVersion "1"]
[SourceVersionDate "2008.11.26"]
[SourceQuality "1"]
[WhiteTeam "Szentendre"]
[BlackTeam "Szenna Pack"]
[WhiteTeamCountry "HUN"]
[BlackTeamCountry "HUN"]

1. e4 c5 2. Nf3 e6 3. d4 cxd4 4. Nxd4 a6 5. Nc3 Qc7 6. g3 Nf6 7. Bg2 Nc6 8. 0-0 Nxd4 9. Qxd4 Bc5 10. Qd3 Ng4 11. Bf4 Qb6 12. Qf3 h5 13. Na4 Qb4 14. Nxc5 Qxc5 15. Qd3 e5 16. Bd2 d6 17. h3 Nf6 18. Rfd1 Ke7 19. Be3 Qc6 20. c4 b6 21. b4 Be6 22. Rac1 Rhd8 23. f3 Ne8 1/2-1/2